000 00264nam a2200109 a 4500
005 20140414093847.0
008 110304s19uu xx 00 eng d
050 _aCD 371.2
_bSp3 no.1
245 _aSpecimen papers and marksheme.
942 _cAVM
999 _c109708
_d109708